MARC

LEADER 00000nam0a2200000 4500
001 234435
005 20231101231324.0
010 |a 9781903128732 
035 |a (RuTPU)RU\TPU\book\255558 
035 |a RU\TPU\book\138795 
090 |a 234435 
100 |a 20130325d2012 m y0engy50 ba 
101 0 |a eng 
102 |a GB 
105 |a a j 000zy 
200 1 |a Enterprise Grammar 1  |e Student's Book  |f V. Evans, J. Dooley 
210 |a Newbury  |c Express Publishing  |d 2012 
215 |a 87 p.  |c il. 
606 1 |a Английский язык  |x Учебные руководства и пособия для высшей школы  |x Пособия по грамматике  |2 stltpush  |3 (RuTPU)RU\TPU\subj\29073  |9 52485 
610 1 |a грамматические трудности 
610 1 |a грамматика 
610 1 |a упражнения 
610 1 |a грамматические ошибки 
610 1 |a рабочие тетради 
610 1 |a аутентичные материалы 
686 |a Ш143.21-923.2  |v LBC/SL-A  |2 rubbk 
700 1 |a Evans  |b V.  |g Virginia 
701 1 |a Dooley  |b J.  |g Jenny 
801 1 |a RU  |b 63413507  |c 20071226  |g PSBO 
801 2 |a RU  |b 63413507  |c 20130415  |g PSBO 
942 |c BK 
959 |a 96/20071224  |d 11  |e 331,30  |f ЧЗИЛ:1  |f ЯЦ_Карьера:10